Demain la physique , Odile Jacob, 2004, 380 pages, 29 € (notice n° 1874285)
[ vue normale ]
| 000 -LEADER | |
|---|---|
| fixed length control field | 00807cam a2200157 4500500 |
| 005 - DATE AND TIME OF LATEST TRANSACTION | |
| control field | 20260329012800.0 |
| 041 ## - LANGUAGE CODE | |
| Language code of text/sound track or separate title | fre |
| 042 ## - AUTHENTICATION CODE | |
| Authentication code | dc |
| 100 10 - MAIN ENTRY--PERSONAL NAME | |
| Personal name | Euvé, François |
| Relator term | author |
| 245 00 - TITLE STATEMENT | |
| Title | Demain la physique , Odile Jacob, 2004, 380 pages, 29 € |
| 260 ## - PUBLICATION, DISTRIBUTION, ETC. | |
| Date of publication, distribution, etc. | 2005.<br/> |
| 500 ## - GENERAL NOTE | |
| General note | 50 |
| 520 ## - SUMMARY, ETC. | |
| Summary, etc. | RésuméSi le paysage est bien l’expression d’un « sentiment du oui » au monde, il ne signifie pas pour autant qu’il faille « abandonner le refus et la révolte qui sont dans l’homme aussi essentiels que sa conscience même ». A l’instar du surréalisme, il s’agit de « repenser les noces rompues »... |
| 786 0# - DATA SOURCE ENTRY | |
| Note | Études | 402 | 2 | 2005-02-01 | p. XXIV-XXIV | 0014-1941 |
| 856 41 - ELECTRONIC LOCATION AND ACCESS | |
| Uniform Resource Identifier | <a href="https://shs.cairn.info/revue-etudes-2005-2-page-XXIV?lang=fr&redirect-ssocas=7080">https://shs.cairn.info/revue-etudes-2005-2-page-XXIV?lang=fr&redirect-ssocas=7080</a> |
Pas d'exemplaire disponible.




Réseaux sociaux